000 00509nam a2200145Ia 4500
008 100122s9999 xx 000 0 und d
082 _b40017
_a332.563
100 _aखळदकर अरविंद
245 _aशेअरबाजाराशी मैत्री
260 _bकौशिक प्रकाशन
_c1905
300 _a229
630 _aशेअरबाजाराशी मैत्री
730 _aशेअरबाजाराशी मैत्री
942 _cBOOK
999 _c420998
_d420995